The education and training of technical support staff. (Record no. 90787)

MARC details
000 -LEADER
fixed length control field 00667cam a2200229 4500
001 - CONTROL NUMBER
control field M39
008 - FIXED-LENGTH DATA ELEMENTS--GENERAL INFORMATION
fixed length control field 090401t1990 xxu||||| |||| 00| 0 eng d
035 ## - SYSTEM CONTROL NUMBER
System control number (Sirsi) u39503
041 ## - LANGUAGE CODE
Language code of text/sound track or separate title eng
050 ## - LIBRARY OF CONGRESS CALL NUMBER
Classification number 333.007
090 ## - LOCALLY ASSIGNED LC-TYPE CALL NUMBER (OCLC); LOCAL CALL NUMBER (RLIN)
Classification number (OCLC) (R) ; Classification number, CALL (RLIN) (NR) RICS 1990/97A
110 ## - MAIN ENTRY--CORPORATE NAME
Corporate name or jurisdiction name as entry element Royal Institution of Chartered Surveyors
Subordinate unit Education and Membership Committee
9 (RLIN) 2775
245 #4 - TITLE STATEMENT
Title The education and training of technical support staff.
260 ## - PUBLICATION, DISTRIBUTION, ETC.
Place of publication, distribution, etc. London
Name of publisher, distributor, etc. RICS SST
Date of publication, distribution, etc. 1990
300 ## - PHYSICAL DESCRIPTION
Extent [9]p.; 21cm.
350 ## - PRICE (NR) (BK AM CF MU VM SE) [OBSOLETE]
Price 0
520 ## - SUMMARY, ETC.
Summary, etc. Report of a working party.
700 ## - ADDED ENTRY--PERSONAL NAME
Personal name Large, J. C.
International Standard Serial Number Chairman
710 ## - ADDED ENTRY--CORPORATE NAME
Corporate name or jurisdiction name as entry element Society of Surveying Technicians
9 (RLIN) 3045
942 ## - ADDED ENTRY ELEMENTS (KOHA)
Suppress in OPAC 0
948 ## - LOCAL PROCESSING INFORMATION (OCLC); SERIES PART DESIGNATOR (RLIN)
c (OCLC) 04/03/1997
Holdings
Withdrawn status Lost status Source of classification or shelving scheme Damaged status Not for loan Home library Current library Shelving location Date acquired Total Checkouts Full call number Barcode Date last seen Copy number Price effective from Koha item type
    Dewey Decimal Classification     London London RICS Boxes 04/09/1991   RICS 1990/97 30024044 06/08/2019 1 06/08/2019 Archive
    Dewey Decimal Classification     London London RICS Boxes 08/04/2005   RICS 1990/97 30070197 06/08/2019 2 06/08/2019 Reference material